000 00495nam a22001937a 4500
003 OSt
005 20140310182012.0
008 130730t xxu||||| |||| 00| 0 eng d
020 _a086163-5302
050 _aPZ 7
_b.B661 [ca.1990]
082 _aKF
_bB62s n.d
100 _aBlyton, Guid
_95227
245 _aSecret seven mystery /
_cBlyton, Guid
260 _aAward Publication
_bLimited, n.d.
300 _a123 p.
_c19 cm.
541 _j1
562 _e1
942 _2lcc
_cBK-KF
_kKF
999 _c8169
_d8169